Statistics for Charaters ; Detroit Become Human

Click here to take the quiz!

General Stats

  • This quiz has been taken 29 times
  • The average score is 10 of 15

Answer Stats

HintAnswer% Correct
Always Acomplish His MissionConnor
100%
Violent And Agressive Lover of the leader of jerichoNorth
96%
The Leader And Hero Of JerichoMarkus
96%
Hank's Dog NameSumo
96%
Protagonist But Not a PrototypeKara
88%
Android Joined Kara And Alice After ZltakoLuther
84%
The First Cyberlife Android To Past The Turing testChloe
76%
Help Deviants get across the borderRose
72%
Son of Carl ManfredLeo Manfred
72%
Hank's Son NameCole Anderson
64%
Model That will replace ConnorRK900
48%
Owner of the leader of the deviantsCarl Manfred
44%
The name of the android in spare partsJohn
44%
Hank's Friend That works at a burger standGary
12%
The Girl In The HostageEmma Phllips
0%

Score Distribution

Percentile by Number Answered

Percent of People with Each Score

Your Score History

You have not taken this quiz